A fekvőkaptár és a szállítható konténer technológiai öszzehasonlítása

Elmentve itt :
Bibliográfiai részletek
Szerző: Rajos László
További közreműködők: Molnár Imre (Témavezető)
Dokumentumtípus: Szakdolgozat
Megjelent: 2005
Kulcsszavak:Méhészet
Fekvő kaptár
Konténeres méhészet
Békés megye
Tárgyszavak:
Online Access:http://diploma.bibl.u-szeged.hu/101627
LEADER 00797nta a2200241 i 4500
001 dipl101627
005 20211206105112.0
008 211124s2005 hu om 0|| zxx d
040 |a SZTE Diploma Repozitórium  |b hun 
041 |a zxx 
100 1 |a Rajos László 
245 1 2 |a A fekvőkaptár és a szállítható konténer technológiai öszzehasonlítása  |h [elektronikus dokumentum] /  |c László Rajos 
260 |c 2005 
300 |a 53 
650 4 |a Agrár 
650 4 |a Agricultural sciences 
650 4 |a Agriculture, forestry and fisheries 
695 |a Méhészet 
695 |a Fekvő kaptár 
695 |a Konténeres méhészet 
695 |a Békés megye 
700 1 |a Molnár Imre  |e ths 
856 4 0 |u http://diploma.bibl.u-szeged.hu/id/eprint/101627/1/2005_rajos_laszlo.pdf  |z Dokumentum-elérés